Texas Quiz by Letter - F - Statistics

General Stats
  • This quiz has been taken 13 times
  • The average score is 5 of 10
Answer Stats
Question Answer % Correct
City about 30 miles west of Dallas and home of the stockyards Fort Worth
100%
Corn chip brand that was founded in San Antonio Fritos
100%
What’s the most popular sport in Texas? Football
92%
City in Texas that’s named after an Italian city Florence
83%
Django Unchained star and comedian that hails from outside of Dallas Jamie Foxx
50%
200-mile long river that flows through the Texas Hill Country known by its clear and cool spring fed waters Frio River
42%
Chip and Joanna Gaines’ HGTV show that takes place in Waco Fixer Upper
25%
An 11-day festival in April that celebrates San Antonio’s rich and diverse culture and heritage Fiesta
8%
Venue that the San Antonio Spurs play in Frost Bank Center
8%
Fashioner designer, who previously was the creative director at Gucci and YSL, that hails from Austin Tom Ford
0%
No matching quizzes found
Score Distribution
Percent of People with Each Score
Percentile by Number Answered
Your Score History
You have not taken this quiz